載入...

Burden/

書目詳細資料
主要作者: Christie,Agatha
其他作者: Mary Westmacott,pseud
格式: Printed Book
出版: London: HarperCollins, 2017.
主題:
LEADER 00534nam a22001577a 4500
020 |a 9780008131456 
082 |a 823.912  |b CHR-B 
100 |a Christie,Agatha. 
245 |a Burden/ 
260 |a London:  |b HarperCollins,  |c 2017. 
300 |a 246p.; 
650 |a English literature-fiction- 
700 |a Mary Westmacott,pseud. 
942 |c BK 
999 |c 53275  |d 53275 
952 |0 0  |1 0  |4 0  |6 823_912000000000000_CHRB  |7 0  |9 67395  |a KU  |b KU  |d 2019-03-01  |e PICO.A2/5736/2013 dtd 02/05/2018  |g 299.00  |l 1  |o 823.912 CHR-B  |p CL04518  |r 2019-03-20  |s 2019-03-19  |w 2019-03-01  |y BK